Statistics for Coptic Alphabet

Click here to take the quiz!

General Stats

  • This quiz has been taken 128 times
  • The average score is 24 of 33

Answer Stats

UpperLowerName% Correct
alpha
100%
wêta
99%
aia
94%
dalda
91%
88%
ne
88%
ou
88%
bi
87%
gamma
87%
iôta
87%
kaba
87%
zêta
87%
lauda
86%
dau
84%
ro
84%
tida
83%
phi
81%
sima
80%
khi
78%
ue
77%
êta
72%
ksi
71%
soou
68%
Ϥϥfai
62%
ô
62%
psi
46%
Ϣϣšai
43%
Ϭϭcima
38%
Ϫϫjanjia
36%
sampi
35%
Ϩϩhori
32%
Ϯϯdi
29%
Ϧϧxai
26%

Score Distribution

Percentile by Number Answered

Percent of People with Each Score

Your Score History

You have not taken this quiz